Gaming Quiz

Random Gaming or Animal Quiz

About Animal Crossing Quiz Stats

 Plays Quiz not verified by Sporcle

Challenge
Share
Tweet
Embed
Score 0/98 Timer 08:00
0 Plays Today
Catagory Answer % Correct
Shop Owners and EmployeesTom Nook
94.1%
FruitsOrange
92.7%
Colors Of Feng ShuiOrange
92.7%
Roof ColorsOrange
92.7%
FruitsApple
92.4%
Colors Of Feng ShuiRed
91.4%
Roof ColorsRed
91.4%
Colors Of Feng ShuiGreen
87.7%
Roof ColorsGreen
87.7%
Colors Of Feng ShuiYellow
85.1%
Roof ColorsYellow
85.1%
FruitsPear
84.4%
FruitsPeach
84%
FruitsCherry
83.7%
Roof ColorsBlue
83.1%
Post Office EmployeesPelly
82%
Shop Owners and EmployeesTimmy
81.9%
Shop Owners and EmployeesTommy
81.5%
Money Rock Amounts100 Bells
81.3%
Money Rock Amounts1000 Bells
80.8%
Citizen SpeciesCat
80.5%
Citizen SpeciesDog
80.4%
Money Rock Amounts200 Bells
78.4%
Shop Owners and EmployeesSable
76.1%
Shop Owners and EmployeesMable
75.7%
Museum RoomsFish Room
75.3%
Museum AttendentsBlathers
74.7%
Museum RoomsBug Room
73.9%
Money Rock Amounts400 Bells
73.6%
Money Rock Amounts2000 Bells
72.6%
Money Rock Amounts800 Bells
72.2%
Post Office EmployeesPhyllis
72.1%
Museum RoomsFossil Room
71.6%
Catagory Answer % Correct
Roof ColorsPurple
71.3%
Roof ColorsBlack
70.6%
FruitsCoconut
70.3%
Police Officers/Gate KeepersBooker
70.2%
Post Office EmployeesPete
69.3%
Citizen SpeciesBird
66.4%
Police Officers/Gate KeepersCopper
66.3%
Museum RoomsPainting Room
65.4%
Money Rock Amounts4000 Bells
65.1%
Roof ColorsPink
65.1%
Roof ColorsWhite
63.8%
Museum AttendentsCeleste
62.2%
TrashBoot
62.2%
Shop Owners and EmployeesGracie Grace
62%
Citizen SpeciesBear
61.1%
TrashEmpty Can
58.6%
Tom Nook's StoresNook's Cranny
57.5%
TrashOld Tire
55.1%
Tom Nook's StoresNookington
54.1%
Shop Owners and EmployeesCrazy Redd
52.3%
Shop Owners and EmployeesLabelle
52.1%
Citizen SpeciesFrog
50.6%
Roof ColorsBrown
49.5%
Citizen SpeciesMouse
47.7%
Citizen SpeciesHorse
46.9%
Tom Nook's StoresNook N Go
46.1%
Citizen SpeciesLion
45.5%
Shop Owners and EmployeesKicks
44.7%
Citizen SpeciesRabbit
44.6%
Citizen SpeciesElephant
44.1%
Museum RoomsObservatory
44.1%
Citizen SpeciesCow
42.8%
Citizen SpeciesSheep
41.8%
Catagory Answer % Correct
Citizen SpeciesAnteater
41.3%
Citizen SpeciesWolf
40.9%
Shop Owners and EmployeesKatrina
40.7%
Citizen SpeciesPig
40.5%
Citizen SpeciesGorilla
40.4%
Citizen SpeciesTiger
40%
Tom Nook's StoresNookway
38.9%
Citizen SpeciesSquirrel
38.6%
Museum RoomsThe Roost
38.6%
Citizen SpeciesAlligator
38.3%
Citizen SpeciesDuck
38%
Citizen SpeciesChicken
38%
Shop Owners and EmployeesBrewster
37.9%
Shop Owners and EmployeesLyle
37.8%
Citizen SpeciesOctopus
37.4%
Shop Owners and EmployeesDr. Shrunk
36.5%
Citizen SpeciesPenguin
36.3%
Citizen SpeciesGoat
35.5%
Roof ColorsAqua
35.4%
Citizen SpeciesHippo
35.1%
Citizen SpeciesOstrich
32.8%
Citizen SpeciesRhino
32.7%
Citizen SpeciesKoala
32.3%
Citizen SpeciesKangaroo
29.1%
Shop Owners and EmployeesLloyd
24.2%
Shop Owners and EmployeesHarriett
23.1%
Citizen SpeciesLittle Bear
21.9%
Shop Owners and EmployeesMaster Frillard
16.5%
Citizen SpeciesHawk
14.4%
Shop Owners and EmployeesPhineas
12.1%
Roof ColorsPea Green
11.3%
Shop Owners and EmployeesThe Clerk
5.5%

You're not logged in!

Compare scores with friends on all Sporcle quizzes.
OR
Log In

You Might Also Like...

Show Comments

Extras

Top Quizzes Today


Score Distribution

Your Account Isn't Verified!

In order to create a playlist on Sporcle, you need to verify the email address you used during registration. Go to your Sporcle Settings to finish the process.

Report this User

Report this user for behavior that violates our Community Guidelines.

Details: